000 00546nam a22001697a 4500
020 _a9788123926469
082 _a614.1
_bPAR
245 _aParikh' Textbook of Medical Jurisprudence Forensic Medicine and Toxicology /
_cEdited by BV Subrahmanyam
250 _a7th Edition.
260 _aNew Delhi :
_bCBS Publishers & Distributors (pvt) Ltd,
_c2016.
300 _a722 p. ;
_bill,
_c24 cm.
563 _aPBK.
650 _aToxicology
_92912
650 _aMedical Jurisprudence
_9100519
650 _aForensic Medicine
_9113457
942 _2ddc
_cBK
999 _c595153
_d595153